[Event "Ïåðâåíñòâî Ìîñêâû "]
[Site "ÐœÐ¾Ñ�ÐºÐ²Ð°, ÐœÐ“Ð˜ÐœÐž Ð¿Ñ€."]
[Date "2018.11.22"]
[Round "6.6"]
[White "Girshgorn, Maria"]
[Black "Komarova, Viktoria"]
[Result "1/2-1/2"]
[WhiteElo "1949"]
[BlackElo "1424"]
[PlyCount "79"]
[EventDate "2018.11.18"]

1. Nf3 Nf6 2. g3 e6 3. Bg2 b6 4. O-O Bb7 5. d3 Be7 6. b3 O-O 7. Bb2 d5 8. Nbd2
c5 9. c4 Nc6 10. e3 dxc4 11. dxc4 Qc7 12. Qe2 Rad8 13. a3 Rd7 14. Rad1 Rfd8 15.
Bc3 Rd3 16. Nb1 Rxd1 17. Rxd1 Rxd1+ 18. Qxd1 Qd8 19. Qc2 h6 20. Ne1 Qc7 21. Nd3
Nd7 22. Nd2 Nf6 23. Nf4 Nd8 24. Qb2 Bxg2 25. Nxg2 Nb7 26. Nf4 Ne8 27. Nh5 g6
28. Nf4 Qd8 29. Ne4 Nbd6 30. Nxd6 Bxd6 31. Ng2 Be7 32. Nf4 Bf6 33. Bxf6 Qxf6
34. Qxf6 Nxf6 35. f3 Kf8 36. Kf2 Ke7 37. Ke2 Kd6 38. Kd3 Nd7 39. Ng2 Ne5+ 40.
Ke2 1/2-1/2

[Event "Ïåðâåíñòâî Ìîñêâû "]
[Site "ÐœÐ¾Ñ�ÐºÐ²Ð°, ÐœÐ“Ð˜ÐœÐž Ð¿Ñ€."]
[Date "2018.11.22"]
[Round "6.7"]
[White "Andryushkevich, Ekaterina"]
[Black "Nur-Mukhametova, Alisa"]
[Result "0-1"]
[WhiteElo "1323"]
[BlackElo "2017"]
[PlyCount "84"]
[EventDate "2018.11.18"]

1. e4 c5 2. Nf3 e6 3. Nc3 Nc6 4. g3 g6 5. Bg2 Bg7 6. O-O Nge7 7. Re1 d6 8. d3
O-O 9. Ne2 e5 10. c3 d5 11. exd5 Nxd5 12. d4 cxd4 13. cxd4 e4 14. Ne5 f5 15.
Nxc6 bxc6 16. Nc3 Be6 17. Be3 Nb4 18. Bf1 Nd5 19. Bc4 Kh8 20. Nxd5 Bxd5 21.
Bxd5 cxd5 22. h4 Rb8 23. Qd2 Qb6 24. b3 Bf6 25. Rac1 Be7 26. Bf4 Bd6 27. Bh6
Bb4 28. Qe3 Bxe1 29. Bxf8 Bxf2+ 30. Qxf2 Rxf8 31. Rc5 Rd8 32. Qf4 Qf6 33. Qe3
f4 34. gxf4 Qxh4 35. Rc7 Qg4+ 36. Kf2 Rf8 37. Rxa7 Rxf4+ 38. Ke1 Qh4+ 39. Kd2
Rf2+ 40. Kd1 Qg4+ 41. Kc1 Qg1+ 42. Qe1 Qxe1# 0-1

[Event "Ïåðâåíñòâî Ìîñêâû "]
[Site "ÐœÐ¾Ñ�ÐºÐ²Ð°, ÐœÐ“Ð˜ÐœÐž Ð¿Ñ€."]
[Date "2018.11.22"]
[Round "6.8"]
[White "Bystrova, Anna"]
[Black "Panina, Sofya"]
[Result "1-0"]
[WhiteElo "1329"]
[BlackElo "1354"]
[PlyCount "88"]
[EventDate "2018.11.18"]

1. e4 e5 2. Nf3 Nc6 3. Bc4 Be7 4. Nc3 d6 5. h3 Nf6 6. d3 O-O 7. a3 Be6 8. Ba2
h6 9. O-O d5 10. exd5 Nxd5 11. Bxd5 Bxd5 12. Nxd5 Qxd5 13. Qe2 Bd6 14. Qe4 Qe6
15. Re1 Rae8 16. Bd2 f5 17. Qe2 e4 18. dxe4 fxe4 19. c3 Qf7 20. Nd4 Bc5 21. Be3
Nxd4 22. Bxd4 Bxd4 23. cxd4 Qb3 24. Rac1 c6 25. Rc3 Qd5 26. Qe3 g5 27. Rc5 Qa2
28. h4 Rf7 29. hxg5 hxg5 30. Rxg5+ Rg7 31. Rxg7+ Kxg7 32. Qg3+ Kf8 33. Qf4+ Qf7
34. Rxe4 Rxe4 35. Qxe4 Qb3 36. Qf5+ Ke8 37. Qe5+ Kf8 38. Qc5+ Kf7 39. Qc1 Qb6
40. Qc3 Kg6 41. Qb4 Qc7 42. Qc5 b6 43. Qe5 Qxe5 44. dxe5 Kf5 1-0

[Event "Ïåðâåíñòâî Ìîñêâû "]
[Site "ÐœÐ¾Ñ�ÐºÐ²Ð°, ÐœÐ“Ð˜ÐœÐž Ð¿Ñ€."]
[Date "2018.11.22"]
[Round "6.9"]
[White "Obukhova, Yana"]
[Black "Bezenkina, Ekaterina"]
[Result "0-1"]
[WhiteElo "1388"]
[BlackElo "1311"]
[PlyCount "85"]
[EventDate "2018.11.18"]

1. e4 c5 2. Nf3 g6 3. d4 cxd4 4. Nxd4 Bg7 5. Nc3 Nc6 6. Be3 Nf6 7. Qd2 Ng4 8.
Nb3 Nxe3 9. Qxe3 O-O 10. O-O-O d6 11. h4 h5 12. f3 Be6 13. Nd5 Rc8 14. Kb1 a5
15. a4 Nb4 16. c3 Nxd5 17. exd5 Bd7 18. Bb5 Bxb5 19. axb5 a4 20. Nd4 Rc5 21.
Nc2 Rxb5 22. Na3 Rb3 23. Ka2 Qd7 24. Rd3 Ra8 25. Rb1 Bf6 26. g3 Ra5 27. c4 Rxd3
28. Qxd3 Qh3 29. Qe2 Rc5 30. Qf2 Qf5 31. b3 axb3+ 32. Rxb3 Ra5 33. Qd2 Qe5 34.
Rb1 b6 35. f4 Qe4 36. Rb4 Qf3 37. Rb3 Qf1 38. Rb1 Rxa3+ 39. Kxa3 Qxb1 40. Ka4
Qa1+ 41. Kb5 Qa5+ 42. Qxa5 bxa5 43. Kxa5 0-1

[Event "Ïåðâåíñòâî Ìîñêâû "]
[Site "ÐœÐ¾Ñ�ÐºÐ²Ð°, ÐœÐ“Ð˜ÐœÐž Ð¿Ñ€."]
[Date "2018.11.23"]
[Round "7.1"]
[White "Efendieva, Alina"]
[Black "Strukova, Ksenia"]
[Result "1/2-1/2"]
[WhiteElo "1787"]
[BlackElo "2013"]
[PlyCount "113"]
[EventDate "2018.11.18"]

1. e4 c5 2. Nf3 e6 3. d4 cxd4 4. Nxd4 a6 5. Bd3 Qc7 6. O-O Nf6 7. Qe2 d6 8. f4
g6 9. f5 Bg7 10. Bg5 Qc5 11. Be3 Ng4 12. c3 Nxe3 13. Qxe3 Nc6 14. Nc2 Ne5 15.
Be2 Qxe3+ 16. Nxe3 Bh6 17. Ng4 Nxg4 18. Bxg4 Be3+ 19. Kh1 h5 20. Be2 exf5 21.
exf5 Bxf5 22. Bxa6 bxa6 23. Re1 Kd7 24. Rxe3 Rhe8 25. Rxe8 Rxe8 26. Nd2 Re2 27.
Nf3 Be4 28. b3 Bxf3 29. gxf3 Rf2 30. c4 Kc6 31. b4 Rxf3 32. a4 Rb3 33. b5+ Kc5
34. bxa6 Rb6 35. Rf1 Rxa6 36. Rxf7 Rxa4 37. Rc7+ Kd4 38. Rc6 Ke5 39. c5 dxc5
40. Rxc5+ Kf4 41. Rc2 g5 42. Kg2 Kg4 43. Rb2 Rc4 44. Rd2 h4 45. h3+ Kf4 46. Rb2
Rd4 47. Re2 Rd3 48. Rf2+ Ke4 49. Re2+ Re3 50. Ra2 Rg3+ 51. Kh2 Rd3 52. Kg2 Ke3
53. Rb2 Rd2+ 54. Rxd2 Kxd2 55. Kf2 Kd3 56. Kf3 Kd4 57. Kg4 1/2-1/2

[Event "Ïåðâåíñòâî Ìîñêâû "]
[Site "ÐœÐ¾Ñ�ÐºÐ²Ð°, ÐœÐ“Ð˜ÐœÐž Ð¿Ñ€."]
[Date "2018.11.23"]
[Round "7.2"]
[White "Ilyina, Lada"]
[Black "Granovskaya, Ekaterina"]
[Result "1/2-1/2"]
[WhiteElo "2036"]
[BlackElo "1759"]
[PlyCount "52"]
[EventDate "2018.11.18"]

1. g3 d5 2. Bg2 e5 3. d3 c6 4. Nd2 f5 5. e3 Nf6 6. Ne2 Bd6 7. O-O O-O 8. b3 Be6
9. Bb2 Nbd7 10. h3 Qc7 11. f4 e4 12. dxe4 dxe4 13. Nd4 Bc5 14. Re1 Rfd8 15. Bf1
Nb6 16. Qe2 Qd7 17. Rad1 Nbd5 18. Nc4 Bb4 19. Nd2 Bc3 20. Ba3 Re8 21. Nxe6 Rxe6
22. Kh2 Rae8 23. Qg2 Qc7 24. Re2 b5 25. Nb1 b4 26. Bc1 Nxe3 {çàïèñü íå ÿñíà}
1/2-1/2

[Event "Ïåðâåíñòâî Ìîñêâû "]
[Site "ÐœÐ¾Ñ�ÐºÐ²Ð°, ÐœÐ“Ð˜ÐœÐž Ð¿Ñ€."]
[Date "2018.11.23"]
[Round "7.3"]
[White "Zaitseva, Lyudmila"]
[Black "Ivanova, Anastasia S"]
[Result "1/2-1/2"]
[WhiteElo "1981"]
[BlackElo "1696"]
[PlyCount "161"]
[EventDate "2018.11.18"]

1. Nf3 Nf6 2. g3 g6 3. Bg2 Bg7 4. O-O O-O 5. d4 d6 6. c4 Nbd7 7. Nc3 e5 8. h3
c6 9. e4 Qb6 10. Qc2 exd4 11. Na4 Qa6 12. Nxd4 Nxe4 13. Nxc6 bxc6 14. Bxe4 Ne5
15. Bg5 Bxh3 16. Rfc1 Bf5 17. Bxf5 Nf3+ 18. Kg2 Nxg5 19. Bg4 h5 20. Be2 Rfe8
21. Re1 Qc8 22. Rh1 c5 23. Rad1 Qc6+ 24. Rd5 Re5 25. Nc3 Qb7 26. f4 Rxd5 27.
Nxd5 Ne6 28. Bf3 Kf8 29. b3 Nd4 30. Qf2 Nxf3 31. Qxf3 Qa6 32. Qe2 Qb7 33. f5
Re8 34. Qf3 gxf5 35. Rxh5 Qa6 36. a4 Qa5 37. Rxf5 Qd2+ 38. Kh3 Qh6+ 39. Rh5
Qe6+ 40. g4 Qe2 41. Rf5 Qxf3+ 42. Rxf3 Be5 43. g5 Kg7 44. Kg4 Rh8 45. Ne3 Kg6
46. Nf5 Rd8 47. Ne7+ Kg7 48. Kf5 Rd7 49. Nd5 Rd8 50. Rh3 Rh8 51. Rxh8 Kxh8 52.
Ne7 Bh2 53. Nc6 a6 54. Nb8 d5 55. Nxa6 dxc4 56. bxc4 Bd6 57. g6 Kg7 58. gxf7
Kxf7 59. Ke4 Ke6 60. a5 Bf8 61. Nc7+ Kd7 62. Nd5 Kc6 63. Nf4 Kb7 64. Kd5 Ka6
65. Ng6 Bh6 66. Kxc5 Be3+ 67. Kb4 Bd2+ 68. Ka4 Bxa5 69. c5 Bd8 70. Kb4 Bf6 71.
Kc4 Kb7 72. Kd5 Kc7 73. Nf8 Be7 74. Ne6+ Kc8 75. c6 Ba3 76. Nd4 Bc1 77. Nb5 Bf4
78. Nd6+ Bxd6 79. Kxd6 Kd8 80. c7+ Kc8 81. Kc6 1/2-1/2

[Event "Ïåðâåíñòâî Ìîñêâû "]
[Site "ÐœÐ¾Ñ�ÐºÐ²Ð°, ÐœÐ“Ð˜ÐœÐž Ð¿Ñ€."]
[Date "2018.11.23"]
[Round "7.4"]
[White "Nur-Mukhametova, Alisa"]
[Black "Komarova, Viktoria"]
[Result "1-0"]
[WhiteElo "2017"]
[BlackElo "1424"]
[PlyCount "54"]
[EventDate "2018.11.18"]

1. e4 Nf6 2. e5 Nd5 3. d4 d6 4. Nf3 dxe5 5. Nxe5 e6 6. Be2 Nd7 7. O-O Nxe5 8.
dxe5 Be7 9. c4 Nb6 10. Nc3 O-O 11. Be3 Nd7 12. f4 Bc5 13. Bxc5 Nxc5 14. b4 Nd7
15. Qc2 Qe7 16. a3 f6 17. exf6 Nxf6 18. Rad1 a5 19. Qb3 axb4 20. axb4 Bd7 21.
Bf3 Ra7 22. c5 Qf7 23. Qc4 c6 24. Ne4 Nd5 25. Ng5 Qf6 26. g3 Ra4 27. Qc2 Nxb4 {
çàïèñü íå ÿñíà} 1-0

[Event "Ïåðâåíñòâî Ìîñêâû "]
[Site "ÐœÐ¾Ñ�ÐºÐ²Ð°, ÐœÐ“Ð˜ÐœÐž Ð¿Ñ€."]
[Date "2018.11.23"]
[Round "7.5"]
[White "Khachatryan, Marieta"]
[Black "Ivanova, Maria"]
[Result "1-0"]
[WhiteElo "1845"]
[BlackElo "1498"]
[PlyCount "97"]
[EventDate "2018.11.18"]

1. e4 c5 2. Nf3 e6 3. c3 Nc6 4. d4 cxd4 5. cxd4 d6 6. Nc3 Nf6 7. Be2 Be7 8. O-O
O-O 9. a3 a6 10. Bg5 b5 11. b4 Bb7 12. Rc1 Rc8 13. Qb3 h6 14. Bf4 e5 15. dxe5
dxe5 16. Nxe5 Nxe5 17. Bxe5 Nxe4 18. Nxe4 Bxe4 19. Qg3 Bg6 20. Rxc8 Qxc8 21. h4
Qc2 22. Bf3 f6 23. Bf4 Kh7 24. Bb7 Qa4 25. Re1 Bd8 26. Bd6 Re8 27. Rxe8 Bxe8
28. Qd3+ Kh8 29. Bf3 a5 30. Bd1 Bg6 31. Qf3 Bc2 32. Be2 axb4 33. Bxb4 Bc7 34.
Qc6 Be5 35. Qd5 Bg6 36. h5 Bb1 37. Qd2 Bc2 38. Qd5 Bb1 39. Qxb5 Qc2 40. Qc4 Qf5
41. Bf3 Qd7 42. Qc1 Bf5 43. Qd2 Qa4 44. g4 Bb1 45. Qc1 Qb3 46. Kg2 Bc2 47. Qd2
Bb2 48. Qd8+ Kh7 49. Bd5 1-0

[Event "Ïåðâåíñòâî Ìîñêâû "]
[Site "ÐœÐ¾Ñ�ÐºÐ²Ð°, ÐœÐ“Ð˜ÐœÐž Ð¿Ñ€."]
[Date "2018.11.23"]
[Round "7.6"]
[White "Kokueva, Alisa"]
[Black "Khachatryan, Nadezhda"]
[Result "0-1"]
[WhiteElo "1717"]
[BlackElo "1706"]
[PlyCount "44"]
[EventDate "2018.11.18"]

1. e4 c6 2. d4 d5 3. Nc3 dxe4 4. Nxe4 Bf5 5. Ng3 Bg6 6. N1e2 Nf6 7. Nf4 e5 8.
Nxg6 hxg6 9. dxe5 Qxd1+ 10. Kxd1 Ng4 11. Ne4 Nxe5 12. Be2 f6 13. c3 Nbd7 14.
Be3 O-O-O 15. Kc2 Nb6 16. a4 Rh4 17. f3 Nbc4 18. Bf2 Rxe4 19. fxe4 Rd2+ 20. Kc1
Rxe2 21. Be1 Nd3+ 22. Kd1 Rxg2 0-1

[Event "Ïåðâåíñòâî Ìîñêâû "]
[Site "ÐœÐ¾Ñ�ÐºÐ²Ð°, ÐœÐ“Ð˜ÐœÐž Ð¿Ñ€."]
[Date "2018.11.23"]
[Round "7.7"]
[White "Bezenkina, Ekaterina"]
[Black "Girshgorn, Maria"]
[Result "0-1"]
[WhiteElo "1311"]
[BlackElo "1949"]
[PlyCount "86"]
[EventDate "2018.11.18"]

1. e4 c6 2. d4 d5 3. exd5 cxd5 4. Bd3 Nc6 5. c3 Nf6 6. Bf4 Bg4 7. Qb3 Qc8 8.
Ne2 e6 9. O-O Be7 10. f3 Bh5 11. Qd1 Bg6 12. Ng3 a6 13. a4 Na5 14. Bxg6 hxg6
15. Nd2 Qd8 16. b4 Nc6 17. Qe2 Nd7 18. Rfc1 Rh4 19. Be3 Kf8 20. Bf2 Rh8 21. Nb3
Bd6 22. Nc5 Qc8 23. Rcb1 Ne7 24. a5 Nf5 25. Qe1 Qc7 26. Rc1 Nf6 27. Nd3 Nh5 28.
Ne5 Nf4 29. Rc2 Nh4 30. Be3 Bxe5 31. dxe5 Nfxg2 32. Qe2 Nxe3 33. Qxe3 Qxe5 34.
Qd3 Qf4 35. Rf1 Nf5 36. Nxf5 Qxf5 37. Qd2 Rh5 38. Qf2 Rc8 39. Rcc1 Kg8 40. Qe2
Rc4 41. Rf2 Qg5+ 42. Rg2 Qxc1+ 43. Kf2 Qxc3 0-1

[Event "Ïåðâåíñòâî Ìîñêâû "]
[Site "ÐœÐ¾Ñ�ÐºÐ²Ð°, ÐœÐ“Ð˜ÐœÐž Ð¿Ñ€."]
[Date "2018.11.23"]
[Round "7.8"]
[White "Andryushkevich, Ekaterina"]
[Black "Bystrova, Anna"]
[Result "1/2-1/2"]
[WhiteElo "1323"]
[BlackElo "1329"]
[PlyCount "100"]
[EventDate "2018.11.18"]

1. e4 e5 2. Nf3 Nc6 3. Bc4 Bc5 4. O-O d6 5. d3 h6 6. c3 Nf6 7. Nbd2 O-O 8. h3
Na5 9. Bb5 c6 10. Ba4 b5 11. Bc2 Nb7 12. d4 exd4 13. cxd4 Bb6 14. e5 Nd5 15.
Ne4 dxe5 16. dxe5 Be6 17. Qd3 f5 18. exf6 Nxf6 19. Nxf6+ Qxf6 20. Re1 Bf5 21.
Qb3+ Kh8 22. Bxf5 Qxf5 23. Re7 Nc5 24. Qc3 Qf6 25. Qxf6 Rxf6 26. Be3 Rd8 27.
Bd4 Rg6 28. Ne5 Rf6 29. Bc3 Kg8 30. Ng4 Rf7 31. Rxf7 Kxf7 32. Ne5+ Kg8 33. Nxc6
Re8 34. Rf1 Nd3 35. Bd4 Bxd4 36. Nxd4 a6 37. b3 Re4 38. Nf3 Re2 39. a4 bxa4 40.
bxa4 Ra2 41. Rd1 Nxf2 42. Rd4 Kh7 43. Ne5 Re2 44. Nd7 Re4 45. Rd2 Nxh3+ 46.
gxh3 Rxa4 47. Nc5 Ra3 48. Kg2 Ra5 49. Nd3 Rg5+ 50. Kh2 Rb5 {çàïèñü íå ÿñíà}
1/2-1/2

[Event "Ïåðâåíñòâî Ìîñêâû "]
[Site "ÐœÐ¾Ñ�ÐºÐ²Ð°, ÐœÐ“Ð˜ÐœÐž Ð¿Ñ€."]
[Date "2018.11.23"]
[Round "7.9"]
[White "Panina, Sofya"]
[Black "Obukhova, Yana"]
[Result "0-1"]
[WhiteElo "1354"]
[BlackElo "1388"]
[PlyCount "49"]
[EventDate "2018.11.18"]

1. g3 d5 2. Bg2 e5 3. d3 Nf6 4. Nc3 Bb4 5. Bd2 Nc6 6. a3 Bc5 7. e4 dxe4 8. Nxe4
Nxe4 9. Bxe4 Qd4 10. Be3 Qxb2 11. Bxc5 Qc3+ 12. Kf1 Qxc5 13. h4 Nd4 14. c4 h5
15. Ne2 Bg4 16. f3 Bxf3 17. Qa4+ c6 18. Bxf3 Nxf3 19. Ng1 Qe3 20. Qd1 Nd2+ 21.
Kg2 Qxd3 22. Qe2 Qxe2+ 23. Nxe2 Ne4 24. Rhb1 Rb8 25. Rb4 {çàïèñü íå ÿñíà} 0-1

[Event "Ïåðâåíñòâî Ìîñêâû"]
[Site "ÐœÐ¾Ñ�ÐºÐ²Ð°, ÐœÐ“Ð˜ÐœÐž Ð¿Ñ€."]
[Date "2018.11.24"]
[Round "8.1"]
[White "Efendieva, Alina"]
[Black "Ilyina, Lada"]
[Result "0-1"]
[WhiteElo "1787"]
[BlackElo "2036"]
[PlyCount "86"]
[EventDate "2018.11.18"]

1. e4 c6 2. d4 d5 3. Nc3 dxe4 4. Nxe4 Nf6 5. Nxf6+ exf6 6. c3 Bd6 7. Bd3 O-O 8.
Qc2 Re8+ 9. Ne2 h5 10. O-O Qc7 11. f4 f5 12. c4 g6 13. b3 Nd7 14. Bb2 Bf8 15.
Kh1 Bg7 16. d5 cxd5 17. Bxg7 Kxg7 18. Qb2+ Kh7 19. cxd5 Qd6 20. Nd4 Qf6 21. Qf2
Nc5 22. Bb5 Ne4 23. Qe3 Rd8 24. Bc4 a6 25. a4 Bd7 26. a5 Re8 27. Qd3 Nc5 28.
Qd2 Ne4 29. Qd3 Re7 30. Nf3 Nf2+ 31. Rxf2 Qxa1+ 32. Rf1 Qb2 33. d6 Ree8 34.
Ng5+ Kg7 35. Bxf7 Re2 36. Rg1 Bc6 37. Bd5 Rd2 38. Qc4 Rxd5 39. Ne6+ Kh6 40. Nc7
Rd1 41. Qxc6 Rxg1+ 42. Kxg1 bxc6 43. Nxa8 Qd4+ 0-1

[Event "Ïåðâåíñòâî Ìîñêâû"]
[Site "ÐœÐ¾Ñ�ÐºÐ²Ð°, ÐœÐ“Ð˜ÐœÐž Ð¿Ñ€."]
[Date "2018.11.24"]
[Round "8.2"]
[White "Khachatryan, Nadezhda"]
[Black "Strukova, Ksenia"]
[Result "0-1"]
[WhiteElo "1706"]
[BlackElo "2013"]
[PlyCount "138"]
[EventDate "2018.11.18"]

1. e4 c5 2. Nf3 e6 3. d4 cxd4 4. Nxd4 a6 5. Bd3 Qc7 6. O-O Nf6 7. Qe2 d6 8. c4
g6 9. Nc3 Bg7 10. Rd1 Nbd7 11. Nf3 O-O 12. Bf4 Nh5 13. Bg5 Re8 14. Rac1 b6 15.
Qd2 Bb7 16. Be2 Bxc3 17. Rxc3 Nc5 18. Re3 Nxe4 19. Qd3 d5 20. cxd5 exd5 21. Bh6
Nf4 22. Bxf4 Qxf4 23. Qd4 Qc7 24. Nd2 Nd6 25. Rxe8+ Rxe8 26. Bf3 Nf5 27. Qd3
Qe5 28. Nf1 Kg7 29. Qb3 b5 30. Qb4 Rd8 31. Ng3 Nd6 32. b3 Re8 33. a4 bxa4 34.
bxa4 Bc6 35. Rc1 Ba8 36. Rd1 Nc4 37. h3 Rb8 38. Qc5 Nb2 39. Rd4 Qe1+ 40. Kh2
Qxf2 41. Rxd5 Qxc5 42. Rxc5 Bxf3 43. gxf3 Nxa4 44. Ra5 Rb2+ 45. Kg1 Nb6 46.
Rxa6 Nd5 47. Ra4 Ne3 48. Ne4 Nf5 49. Nf2 Ne3 50. Ra1 Nc2 51. Rd1 Ne3 52. Re1
Nf5 53. Rf1 Rb3 54. Ne4 Nh4 55. Nd2 Rd3 56. Rf2 Rxd2 57. Kf1 Rd6 58. f4 Nf5 59.
Kg2 Rd3 60. Ra2 Rg3+ 61. Kh2 Rc3 62. Ra4 Rd3 63. Kg2 Rd4 64. Rxd4 Nxd4 65. Kg3
Kf6 66. Kg4 h5+ 67. Kg3 Kf5 68. Kh4 Ne6 69. Kg3 Nxf4 0-1

[Event "Ïåðâåíñòâî Ìîñêâû"]
[Site "ÐœÐ¾Ñ�ÐºÐ²Ð°, ÐœÐ“Ð˜ÐœÐž Ð¿Ñ€."]
[Date "2018.11.24"]
[Round "8.3"]
[White "Granovskaya, Ekaterina"]
[Black "Nur-Mukhametova, Alisa"]
[Result "0-1"]
[WhiteElo "1759"]
[BlackElo "2017"]
[PlyCount "122"]
[EventDate "2018.11.18"]

1. e4 c5 2. Nf3 e6 3. d4 cxd4 4. Nxd4 Nf6 5. Nc3 d6 6. g4 h6 7. h3 a6 8. Bg2
Be7 9. Be3 Nfd7 10. Qe2 Qc7 11. O-O-O Ne5 12. f4 Nc4 13. Nb3 Nxe3 14. Qxe3 Nc6
15. Kb1 b5 16. Rhe1 Bh4 17. Re2 O-O 18. e5 dxe5 19. fxe5 Rb8 20. Nc5 Ne7 21.
Rd6 a5 22. Qd4 b4 23. N3a4 Ng6 24. Nd7 Bxd7 25. Rxd7 Rfd8 26. Rxc7 Rxd4 27. c3
bxc3 28. Nxc3 Nf4 29. Rc2 Nd3 30. Bf1 Nxe5 31. Be2 Bf6 32. Rc5 Ra8 33. Nb5 Rdd8
34. Nc7 Ra7 35. Na6 Nd3 36. Rc8 Rad7 37. Nb8 Rd6 38. Rxd8+ Rxd8 39. Nc6 Rd6 40.
Nxa5 Nf4 41. Bf3 Nxh3 42. b4 Ng5 43. Be2 Ne4 44. Nc4 Rd8 45. Kc1 Nc3 46. Bf3
Rc8 47. Nd6 Nxa2+ 48. Kd1 Rxc2 49. Kxc2 Nxb4+ 50. Kd2 Kf8 51. Ne4 Nd5 52. Ke2
Ke7 53. Kf2 Nc3 54. Nd2 Kd6 55. Kg3 e5 56. Nc4+ Ke6 57. Bc6 Ne2+ 58. Kf2 Nd4
59. Be8 Bg5 60. Nxe5 Kxe5 61. Bxf7 Kf4 0-1

[Event "Ïåðâåíñòâî Ìîñêâû"]
[Site "ÐœÐ¾Ñ�ÐºÐ²Ð°, ÐœÐ“Ð˜ÐœÐž Ð¿Ñ€."]
[Date "2018.11.24"]
[Round "8.4"]
[White "Ivanova, Anastasia S"]
[Black "Khachatryan, Marieta"]
[Result "1/2-1/2"]
[WhiteElo "1696"]
[BlackElo "1845"]
[PlyCount "139"]
[EventDate "2018.11.18"]

1. e4 c6 2. d4 d5 3. Nc3 dxe4 4. Nxe4 Bf5 5. Ng3 Bg6 6. Nf3 Nd7 7. Bd3 e6 8.
Bf4 Be7 9. O-O Ngf6 10. Bxg6 hxg6 11. c4 O-O 12. Qe2 c5 13. dxc5 Bxc5 14. Ne4
Nxe4 15. Qxe4 Qb6 16. Qc2 Nf6 17. Rad1 Rfd8 18. h3 Rac8 19. b3 a5 20. Bg5 Be7
21. Ne5 Qc5 22. Qe2 Qa3 23. Rfe1 Qc5 24. Bxf6 Bxf6 25. Nd7 Qe7 26. Nxf6+ Qxf6
27. Rxd8+ Rxd8 28. Qe5 Rd2 29. Re2 Qxe5 30. Rxe5 Rxa2 31. Rb5 a4 32. bxa4 Rxa4
33. Rc5 Rb4 34. Rc8+ Kh7 35. Rc7 f6 36. g4 e5 37. Kg2 Rb3 38. g5 f5 39. f3 b6
40. Re7 Rc3 41. Rxe5 Rxc4 42. Re6 Rb4 43. Re8 Rb2+ 44. Kg1 b5 45. Rb8 b4 46.
Kf1 b3 47. Kg1 Rb1+ 48. Kg2 b2 49. f4 Ra1 50. Rxb2 Ra4 51. Kg3 Ra3+ 52. Kg2 Ra4
53. Kg3 Rd4 54. Rb8 Rc4 55. Kf3 Rd4 56. Re8 Rd3+ 57. Kg2 Rd2+ 58. Kg3 Ra2 59.
Rd8 Ra3+ 60. Kg2 Re3 61. Ra8 Re4 62. Kf3 Rb4 63. Re8 Rb3+ 64. Kg2 Rd3 65. Ra8
Rd4 66. Kg3 Rd3+ 67. Kg2 Re3 68. Rd8 Re2+ 69. Kf3 Rh2 70. Kg3 1/2-1/2

[Event "Ïåðâåíñòâî Ìîñêâû"]
[Site "ÐœÐ¾Ñ�ÐºÐ²Ð°, ÐœÐ“Ð˜ÐœÐž Ð¿Ñ€."]
[Date "2018.11.24"]
[Round "8.5"]
[White "Zaitseva, Lyudmila"]
[Black "Andryushkevich, Ekaterina"]
[Result "1-0"]
[WhiteElo "1981"]
[BlackElo "1323"]
[PlyCount "105"]
[EventDate "2018.11.18"]

1. d4 Nf6 2. c4 e6 3. g3 d5 4. Nf3 b6 5. Bg2 Bb7 6. O-O Be7 7. Nc3 O-O 8. Ne5
c5 9. dxc5 Bxc5 10. cxd5 Nxd5 11. Nxd5 Bxd5 12. Bxd5 exd5 13. Bf4 d4 14. Rc1
Nd7 15. Nf3 Nb8 16. Qa4 Qe7 17. b4 Bxb4 18. Rc7 Qxe2 19. Nxd4 Qb2 20. Rc4 Bc5
21. Bc1 Qb1 22. Ba3 Qxa2 23. Nc2 Bxa3 24. Ra1 Qb2 25. Qxa3 Qe5 26. Rc1 Qf5 27.
Nd4 Qd7 28. Qf3 Na6 29. Nf5 Rae8 30. Rd1 Qe6 31. Rg4 g6 32. Rd6 Qe5 33. Rd5 Qb2
34. Nd4 Rd8 35. Nf5 Rxd5 36. Ne7+ Kg7 37. Nxd5 Nc5 38. Rh4 Ne6 39. Qe3 g5 40.
Rb4 Qa1+ 41. Kg2 Rd8 42. Qe4 Nc5 43. Qf5 f6 44. h4 h6 45. h5 Qe5 46. Qg6+ Kf8
47. Qxh6+ Ke8 48. Nxf6+ Ke7 49. Qg7+ Ke6 50. Rb1 Kf5 51. Qg6+ Ke6 52. Ng4+ Ke7
53. Nxe5 1-0

[Event "Ïåðâåíñòâî Ìîñêâû"]
[Site "ÐœÐ¾Ñ�ÐºÐ²Ð°, ÐœÐ“Ð˜ÐœÐž Ð¿Ñ€."]
[Date "2018.11.24"]
[Round "8.6"]
[White "Girshgorn, Maria"]
[Black "Bystrova, Anna"]
[Result "1-0"]
[WhiteElo "1949"]
[BlackElo "1329"]
[PlyCount "119"]
[EventDate "2018.11.18"]

1. Nf3 Nf6 2. g3 d5 3. Bg2 e6 4. O-O Be7 5. d3 h6 6. b3 c5 7. Bb2 Nc6 8. Nbd2
Bd7 9. c4 d4 10. Re1 O-O 11. e3 e5 12. exd4 exd4 13. Ne5 Nxe5 14. Rxe5 Bd6 15.
Re1 Rb8 16. b4 b6 17. Ne4 Nxe4 18. Bxe4 f5 19. Bd5+ Kh8 20. Qh5 Qf6 21. Re2
Rbe8 22. bxc5 bxc5 23. Rae1 Rxe2 24. Rxe2 f4 25. Bc1 fxg3 26. hxg3 Bxg3 27.
fxg3 Qf1+ 28. Kh2 Qxc1 29. Bg2 Qg5 30. Qxg5 hxg5 31. Re5 Bf5 32. Bf1 Bg4 33.
Kg1 Rf5 34. Re7 a6 35. Ra7 Bf3 36. Rxa6 g4 37. Re6 Kg8 38. a4 Kf7 39. Re1 Rh5
40. Bg2 Bxg2 41. Kxg2 Rh8 42. Re5 Ra8 43. Rxc5 Rxa4 44. Rd5 Ra2+ 45. Kf1 Ra1+
46. Ke2 Ra2+ 47. Kd1 Ra1+ 48. Kc2 Ra2+ 49. Kb1 Ra4 50. Kc2 Ra2+ 51. Kc1 Ra1+
52. Kc2 Ra2+ 53. Kc1 Ra1+ 54. Kb2 Rg1 55. Rxd4 Rxg3 56. c5 Rf3 57. c6 g3 58. c7
g2 59. Rg4 Rf2+ 60. Kb3 1-0

[Event "Ïåðâåíñòâî Ìîñêâû"]
[Site "ÐœÐ¾Ñ�ÐºÐ²Ð°, ÐœÐ“Ð˜ÐœÐž Ð¿Ñ€."]
[Date "2018.11.24"]
[Round "8.7"]
[White "Bezenkina, Ekaterina"]
[Black "Kokueva, Alisa"]
[Result "0-1"]
[WhiteElo "1311"]
[BlackElo "1717"]
[PlyCount "69"]
[EventDate "2018.11.18"]

1. e4 e5 2. Nf3 Nc6 3. Nc3 Nf6 4. d4 exd4 5. Nxd4 Bb4 6. Nxc6 bxc6 7. Bd3 O-O
8. O-O Re8 9. Re1 d6 10. Bg5 h6 11. Bh4 Rb8 12. e5 dxe5 13. Rxe5 Bg4 14. Rxe8+
Qxe8 15. f3 Qe3+ 16. Bf2 Qf4 17. Ne2 Qd6 18. fxg4 Nxg4 19. Ng3 Nxf2 20. Kxf2
Qd4+ 21. Kf1 Bc5 22. Ne4 Qg1+ 23. Ke2 Qxg2+ 24. Ke1 Qg1+ 25. Ke2 Qxh2+ 26. Ke1
Re8 27. Qf3 g6 28. Kd1 Bb4 29. c3 Qg1+ 30. Kc2 Qh2+ 31. Kd1 Be7 32. Nf6+ Bxf6
33. Qxf6 Qd6 34. Qf3 Qd5 35. Qh3 {çàïèñü íå ÿñíà} 0-1

[Event "Ïåðâåíñòâî Ìîñêâû"]
[Site "ÐœÐ¾Ñ�ÐºÐ²Ð°, ÐœÐ“Ð˜ÐœÐž Ð¿Ñ€."]
[Date "2018.11.24"]
[Round "8.8"]
[White "Ivanova, Maria"]
[Black "Obukhova, Yana"]
[Result "1-0"]
[WhiteElo "1498"]
[BlackElo "1388"]
[PlyCount "109"]
[EventDate "2018.11.18"]

1. e4 e5 2. Nf3 Nc6 3. Bc4 Bc5 4. c3 Nf6 5. d4 exd4 6. O-O d5 7. cxd4 dxc4 8.
dxc5 Qxd1 9. Rxd1 O-O 10. Nc3 Re8 11. Re1 Nb4 12. Re2 Nd3 13. e5 Nd7 14. Nd5
N7xe5 15. Nxe5 Rxe5 16. Rxe5 Nxe5 17. Nxc7 Rb8 18. Nb5 a6 19. Nd6 Be6 20. Be3
Nd3 21. Rb1 Nb4 22. Rd1 Nd3 23. b3 Ne5 24. Bd4 Nc6 25. bxc4 Rd8 26. Be3 Bxc4
27. Rd2 Be6 28. h3 Na5 29. Bf4 Kf8 30. Rb2 Bd5 31. Nf5 Rc8 32. Bd6+ Ke8 33. Ne7
Nc4 34. Re2 Rd8 35. Nxd5+ Kd7 36. Re7+ Kc6 37. Nb4+ Kb5 38. Rxb7+ Ka4 39. Nc2
Nxd6 40. cxd6 Rxd6 41. Rxf7 Rd2 42. Rc7 g6 43. Kf1 Rd1+ 44. Ke2 Rg1 45. Ne1 Ka3
46. Rxh7 a5 47. Ra7 a4 48. Ra6 g5 49. Ra5 Rh1 50. Rxg5 Kxa2 51. Nc2 Rc1 52. Kd2
Rb1 53. Ra5 Rb2 54. Rxa4+ Kb1 55. Ra1# 1-0

[Event "Ïåðâåíñòâî Ìîñêâû"]
[Site "ÐœÐ¾Ñ�ÐºÐ²Ð°, ÐœÐ“Ð˜ÐœÐž Ð¿Ñ€."]
[Date "2018.11.24"]
[Round "8.9"]
[White "Komarova, Viktoria"]
[Black "Panina, Sofya"]
[Result "1-0"]
[WhiteElo "1424"]
[BlackElo "1354"]
[PlyCount "129"]
[EventDate "2018.11.18"]

1. d4 d5 2. c4 e6 3. Nc3 Nf6 4. cxd5 exd5 5. Bg5 Be7 6. e3 O-O 7. Bd3 c6 8. Qc2
h6 9. Bh4 Re8 10. Nf3 Ne4 11. Bxe7 Qxe7 12. O-O Bf5 13. Rab1 Nd7 14. Rfe1 Qf6
15. Nd2 Nd6 16. Bxf5 Qxf5 17. Qxf5 Nxf5 18. Nf3 Nd6 19. b3 Ne4 20. Nxe4 Rxe4
21. Red1 Re6 22. Ne1 Nf6 23. Nd3 Ne4 24. Rbc1 Re7 25. Nc5 Nxc5 26. Rxc5 Rae8
27. b4 a6 28. a4 Ra8 29. b5 axb5 30. axb5 Ra5 31. Kf1 b6 32. Rxc6 Rxb5 33. Rcc1
Kf8 34. Rb1 Rxb1 35. Rxb1 Rb7 36. Rb5 Ke7 37. Rxd5 b5 38. Rc5 Kd6 39. e4 f6 40.
Ke2 b4 41. Rc2 g6 42. Kd3 f5 43. f3 fxe4+ 44. fxe4 h5 45. Rb2 Ke6 46. Kc4 Rf7
47. Kxb4 Rf4 48. Re2 Rf1 49. Kc3 g5 50. Kd3 Ra1 51. Rf2 h4 52. d5+ Kd6 53. Rf6+
Kd7 54. Rg6 Rd1+ 55. Ke2 Rd4 56. Ke3 Rd1 57. Rxg5 Re1+ 58. Kf4 Re2 59. e5 Rf2+
60. Ke3 Ra2 61. Rg7+ Kd8 62. Ke4 Re2+ 63. Kf5 Ra2 64. Ke6 Ra6+ 65. d6 1-0

[Event "Ïåðâåíñòâî Ìîñêâû"]
[Site "ÐœÐ¾Ñ�ÐºÐ²Ð°, ÐœÐ“Ð˜ÐœÐž Ð¿Ñ€."]
[Date "2018.11.25"]
[Round "9.1"]
[White "Strukova, Ksenia"]
[Black "Ilyina, Lada"]
[Result "0-1"]
[WhiteElo "2013"]
[BlackElo "2036"]
[PlyCount "120"]
[EventDate "2018.11.18"]

1. e4 c6 2. d4 d5 3. Nd2 dxe4 4. Nxe4 Nf6 5. Nxf6+ exf6 6. c3 Bd6 7. Bd3 O-O 8.
Qc2 Re8+ 9. Ne2 Kh8 10. Be3 Nd7 11. O-O-O Nf8 12. h4 h5 13. Kb1 g6 14. Rhe1 Qc7
15. c4 b6 16. a3 Bg4 17. Rc1 Bxe2 18. Qxe2 f5 19. Qf3 f6 20. g3 c5 21. Bc2 Nd7
22. Ba4 Rad8 23. Bxd7 Qxd7 24. dxc5 Bxc5 25. Bxc5 bxc5 26. Red1 Qe6 27. Rd5 Qb6
28. Qf4 Kg7 29. Rxd8 Qxd8 30. Qf3 Re4 31. Rd1 Qe7 32. Qc3 Re2 33. Rf1 Qe4+ 34.
Ka1 Qc2 35. Qxc2 Rxc2 36. b3 Rd2 37. Kb1 a5 38. Kc1 Re2 39. Rd1 Rxf2 40. Rd5
Rf3 41. Kc2 Rxg3 42. Rxc5 f4 43. Kd2 Rxb3 44. Rxa5 Kf7 45. Ra6 g5 46. hxg5 fxg5
47. Rh6 Rxa3 48. Rxh5 Kg6 49. Rh8 Kf5 50. c5 Ra5 51. c6 Rc5 52. Rc8 Kg4 53. c7
Kf3 54. Rg8 Rxc7 55. Rxg5 Kf2 56. Rd5 Re7 57. Kd1 f3 58. Rd2+ Kg1 59. Rd3 Kg2
60. Rd8 Rg7 0-1